[Event "Aeroflot Open A 2016"]
[Site "Moscow RUS"]
[Date "2016.03.02"]
[Round "2.38"]
[White "Antipov, Mikhail Al"]
[Black "Korchmar, Vasiliy"]
[Result "1-0"]
[WhiteElo "2573"]
[BlackElo "2450"]
[PlyCount "49"]
[EventDate "2016.03.01"]

1. e4 e5 2. Nf3 Nc6 3. Bb5 a6 4. Ba4 Nf6 5. d3 b5 6. Bb3 Be7 7. Nbd2 O-O 8. O-O
d6 9. a3 Na5 10. Ba2 c5 11. c3 Nc6 12. Re1 Be6 13. Nf1 Bxa2 14. Rxa2 d5 15. Bg5
d4 16. cxd4 cxd4 17. Ng3 Nd7 18. Bxe7 Qxe7 19. b4 Qe6 20. Rc2 Rfc8 21. Ng5 Qg6
22. Qg4 Nb6 23. Qf5 Rc7 24. Rec1 Rac8 25. Rxc6 1-0

[Event "Aeroflot Open A 2016"]
[Site "Moscow RUS"]
[Date "2016.03.02"]
[Round "2.39"]
[White "Oparin, Grigoriy"]
[Black "Wang, Yiye"]
[Result "1-0"]
[WhiteElo "2572"]
[BlackElo "2445"]
[PlyCount "77"]
[EventDate "2016.03.01"]

1. Nf3 Nf6 2. g3 d5 3. Bg2 c6 4. O-O g6 5. b3 Bg7 6. Bb2 O-O 7. c4 Bg4 8. d3 a5
9. Qc2 Bxf3 10. Bxf3 Na6 11. Nd2 e6 12. a3 Nd7 13. d4 f5 14. Bg2 Kh8 15. e3 Nc7
16. Nf3 Ne8 17. Ne5 Nd6 18. Nd3 Re8 19. Rab1 Ra7 20. a4 Ne4 21. Ba3 Qb8 22. Nf4
Ra6 23. Rbe1 Ndf6 24. Re2 g5 25. Nd3 Nd7 26. f3 Nd6 27. Bb2 Qd8 28. e4 dxe4 29.
fxe4 fxe4 30. Bxe4 Nxe4 31. Rxe4 Qe7 32. Rfe1 Qd6 33. Qe2 Raa8 34. Kg2 Nf8 35.
Ne5 Kg8 36. Qh5 Qe7 37. Rf1 Bxe5 38. Rxe5 Ng6 39. Qxg5 1-0

[Event "Aeroflot Open A 2016"]
[Site "Moscow RUS"]
[Date "2016.03.02"]
[Round "2.40"]
[White "Maiorov, Nikita1"]
[Black "Esipenko, Andrey"]
[Result "0-1"]
[WhiteElo "2558"]
[BlackElo "2445"]
[PlyCount "110"]
[EventDate "2016.03.01"]

1. d4 Nf6 2. c4 g6 3. Nf3 Bg7 4. g3 c6 5. Bg2 d5 6. Nbd2 O-O 7. O-O a5 8. b3 a4
9. Ba3 Re8 10. Re1 Ne4 11. e3 Nxd2 12. Qxd2 Bf5 13. Nh4 Be6 14. Qc2 Qa5 15.
Rec1 Nd7 16. Qd1 Nf6 17. Nf3 Ne4 18. b4 Qd8 19. c5 Bg4 20. h3 Bxf3 21. Bxf3 e5
22. Rab1 exd4 23. exd4 Qg5 24. h4 Qf5 25. Kg2 Bh6 26. g4 Qf6 27. Rc2 Qxh4 28.
Qh1 Qxh1+ 29. Rxh1 Bg7 30. Rd1 Ng5 31. Bc1 Nxf3 32. Kxf3 Re4 33. Be3 f5 34.
gxf5 Rf8 35. Ke2 gxf5 36. f3 Rh4 37. Kd3 Re8 38. Rg2 Kf7 39. b5 f4 40. Bg1 Rh3
41. Rf1 h5 42. bxc6 bxc6 43. Rb2 Bf6 44. Rb7+ Kg6 45. Rb6 Re6 46. Ra6 Rg3 47.
Rxa4 h4 48. Rb4 Rg2 49. Bf2 Kf5 50. a4 h3 51. a5 h2 52. Rb2 Bh4 53. a6 Rxf2 54.
Rbxf2 Bxf2 55. a7 Re3+ 0-1

[Event "Aeroflot Open A 2016"]
[Site "Moscow RUS"]
[Date "2016.03.02"]
[Round "2.41"]
[White "Van Foreest, Jorden"]
[Black "Sarana, Alexey"]
[Result "0-1"]
[WhiteElo "2557"]
[BlackElo "2433"]
[PlyCount "80"]
[EventDate "2016.03.01"]

1. e4 c5 2. Nf3 d6 3. d4 cxd4 4. Nxd4 Nf6 5. Nc3 a6 6. Bg5 Nbd7 7. Qe2 Qc7 8.
O-O-O e6 9. f4 b5 10. g4 b4 11. Nd5 exd5 12. exd5+ Be7 13. Re1 Nb8 14. Rg1 Kd8
15. Rg3 Ra7 16. Bg2 Qc5 17. Nb3 Qb5 18. Qd2 h6 19. Qd4 Rc7 20. Bf1 Qb7 21. Bh4
Re8 22. Rge3 Bxg4 23. Na5 Qa7 24. Qxb4 Nxd5 25. Qxd6+ Rd7 26. Bxe7+ Rexe7 27.
Rxe7 Nxe7 28. Qe5 Nbc6 29. Nxc6+ Nxc6 30. Qe8+ Kc7 31. a3 Qf2 32. Bxa6 Be6 33.
Rxe6 fxe6 34. Qc8+ Kd6 35. b4 Qxf4+ 36. Kb1 Rc7 37. Qa8 Qf2 38. b5 Nb8 39. Qxb8
Qxc2+ 40. Ka1 Ke7 0-1

[Event "Aeroflot Open A 2016"]
[Site "Moscow RUS"]
[Date "2016.03.02"]
[Round "2.42"]
[White "Sivuk, Vitaly"]
[Black "Karavade, Eesha"]
[Result "1/2-1/2"]
[WhiteElo "2554"]
[BlackElo "2395"]
[PlyCount "77"]
[EventDate "2016.03.01"]

1. Nf3 d5 2. g3 g6 3. Bg2 Bg7 4. c4 dxc4 5. Na3 Nc6 6. O-O e5 7. Nxc4 Nge7 8.
d3 O-O 9. Bd2 Be6 10. Rc1 a5 11. a4 f6 12. Qb3 Qd7 13. Rfd1 b6 14. Qb5 Rad8 15.
Na3 Bd5 16. e4 Be6 17. Be3 f5 18. exf5 Bxf5 19. Ng5 Nb4 20. Qc4+ Nbd5 21. d4 h6
22. Ne4 Qe6 23. dxe5 Nxe3 24. fxe3 Bxe5 25. Qxe6+ Bxe6 26. Rxd8 Rxd8 27. Nc4
Bg7 28. b3 Rd3 29. Ned2 Bc3 30. Ne4 Bg7 31. Ned2 Nf5 32. Be4 Rc3 33. Rxc3 Bxc3
34. Kf2 Kf7 35. Ke2 Nd6 36. Nxd6+ cxd6 37. Bc2 g5 38. Nc4 Bxc4+ 39. bxc4
1/2-1/2

[Event "Aeroflot Open A 2016"]
[Site "Moscow RUS"]
[Date "2016.03.03"]
[Round "3.1"]
[White "Vallejo Pons, Francisco"]
[Black "Wen, Yang"]
[Result "1/2-1/2"]
[WhiteElo "2677"]
[BlackElo "2609"]
[PlyCount "23"]
[EventDate "2016.03.01"]

1. d4 d5 2. c4 c6 3. Nf3 Nf6 4. Nbd2 g6 5. e3 Bg7 6. b4 O-O 7. Bb2 a5 8. b5
cxb5 9. cxb5 Bg4 10. Bd3 Nbd7 11. O-O Qb6 12. h3 1/2-1/2

[Event "Aeroflot Open A 2016"]
[Site "Moscow RUS"]
[Date "2016.03.03"]
[Round "3.2"]
[White "Najer, Evgeniy"]
[Black "Petrosian, Tigran L"]
[Result "1-0"]
[WhiteElo "2664"]
[BlackElo "2607"]
[PlyCount "65"]
[EventDate "2016.03.01"]

1. e4 d6 2. d4 Nf6 3. Nc3 g6 4. Be3 Bg7 5. Qd2 O-O 6. O-O-O c6 7. f3 b5 8. g4
b4 9. Nce2 Qa5 10. Kb1 c5 11. Bh6 Nc6 12. Bxg7 Kxg7 13. g5 Nd7 14. d5 Nce5 15.
Nc1 Nb6 16. h4 Ba6 17. f4 Nec4 18. Bxc4 Nxc4 19. Qf2 Rab8 20. Nb3 Qa4 21. h5
Nxb2 22. Kxb2 c4 23. Nf3 Qa3+ 24. Ka1 cxb3 25. cxb3 Rbc8 26. Nd4 Rc3 27. hxg6
fxg6 28. f5 Rfc8 29. Rb1 Rc1 30. f6+ exf6 31. Qxf6+ Kg8 32. Ne6 Rxb1+ 33. Rxb1
1-0

[Event "Aeroflot Open A 2016"]
[Site "Moscow RUS"]
[Date "2016.03.03"]
[Round "3.3"]
[White "Korobov, Anton"]
[Black "Goganov, Aleksey"]
[Result "1/2-1/2"]
[WhiteElo "2713"]
[BlackElo "2575"]
[PlyCount "70"]
[EventDate "2016.03.01"]

1. d4 Nf6 2. c4 e6 3. Nc3 d5 4. Bg5 Be7 5. e3 Nbd7 6. Nf3 O-O 7. Qc2 c5 8. Rd1
Qa5 9. cxd5 Nxd5 10. Bxe7 Nxe7 11. Bd3 Nf6 12. O-O cxd4 13. Nxd4 Bd7 14. Ne4
Ned5 15. Nb3 Qd8 16. Nbc5 Rc8 17. Nxf6+ Nxf6 18. Nxd7 Rxc2 19. Nxf8 Rc8 20.
Bxh7+ Nxh7 21. Rxd8 Rxd8 22. Nxh7 Kxh7 23. a4 Rd2 24. Rb1 Kg6 25. g3 b6 26. Kg2
f5 27. h3 Rc2 28. Kf3 Kf6 29. g4 g5 30. Kg3 Rc4 31. b3 Rc3 32. gxf5 exf5 33. h4
gxh4+ 34. Kxh4 f4 35. exf4 Kf5 1/2-1/2

[Event "Aeroflot Open A 2016"]
[Site "Moscow RUS"]
[Date "2016.03.03"]
[Round "3.4"]
[White "Matlakov, Maxim"]
[Black "Khismatullin, Denis"]
[Result "1-0"]
[WhiteElo "2682"]
[BlackElo "2621"]
[PlyCount "75"]
[EventDate "2016.03.01"]

1. d4 Nf6 2. c4 e6 3. g3 Bb4+ 4. Bd2 Be7 5. Bg2 d5 6. Nf3 O-O 7. O-O c6 8. Qc2
Nbd7 9. Rd1 b6 10. Bf4 Bb7 11. Ne5 Nh5 12. Bd2 Nhf6 13. cxd5 cxd5 14. Nc6 Bxc6
15. Qxc6 a6 16. Qc2 b5 17. Qd3 Qb6 18. e3 Rfc8 19. Nc3 Rc4 20. b3 Rc6 21. a4
bxa4 22. Nxa4 Qb7 23. Rdc1 Rac8 24. Rxc6 Rxc6 25. Rc1 Ne4 26. Rxc6 Qxc6 27. Ba5
Qc1+ 28. Bf1 Nb8 29. f3 Nc6 30. fxe4 Nxa5 31. exd5 exd5 32. Nc3 Bf8 33. Nxd5
Nc6 34. Qc4 Qxc4 35. bxc4 a5 36. c5 g6 37. Bb5 Nb4 38. Nf6+ 1-0

[Event "Aeroflot Open A 2016"]
[Site "Moscow RUS"]
[Date "2016.03.03"]
[Round "3.5"]
[White "Salem, A.R. Saleh"]
[Black "Inarkiev, Ernesto"]
[Result "1/2-1/2"]
[WhiteElo "2615"]
[BlackElo "2677"]
[PlyCount "109"]
[EventDate "2016.03.01"]

1. e4 e5 2. Nf3 Nc6 3. Bb5 a6 4. Ba4 Nf6 5. d3 b5 6. Bb3 Bc5 7. Nc3 h6 8. Nd5
d6 9. c3 O-O 10. O-O Rb8 11. d4 Ba7 12. Be3 Ng4 13. Qe1 Be6 14. Rd1 Nxe3 15.
fxe3 exd4 16. cxd4 Ne7 17. Qg3 Bxd5 18. exd5 a5 19. Nh4 a4 20. Bc2 Nxd5 21. Rf3
Qg5 22. Qf2 Ne7 23. Rf1 Kh8 24. g3 f6 25. Rf4 Rbe8 26. Qf3 f5 27. Bxf5 Nxf5 28.
Nxf5 Rxf5 29. Rxf5 Qxe3+ 30. Qxe3 Rxe3 31. Rd1 Re4 32. Rxb5 Bxd4+ 33. Kf1 Be5
34. b3 c5 35. Rd3 Kh7 36. Ra5 axb3 37. axb3 Kg6 38. Ra4 Bd4 39. Rf3 Re7 40. Ra6
Be5 41. Ra2 Rc7 42. Ra4 Bf6 43. Rd3 Be5 44. Ke2 Kf5 45. Rf3+ Ke6 46. Kd3 Rb7
47. Kc2 Bd4 48. g4 Kd5 49. Rf5+ Be5 50. h3 Rc7 51. Rf1 Bd4 52. Rf5+ Be5 53. Rf3
Bd4 54. Kd2 Rb7 55. Kc2 1/2-1/2

[Event "Aeroflot Open A 2016"]
[Site "Moscow RUS"]
[Date "2016.03.03"]
[Round "3.6"]
[White "Lu, Shanglei"]
[Black "Sjugirov, Sanan"]
[Result "1/2-1/2"]
[WhiteElo "2620"]
[BlackElo "2667"]
[PlyCount "72"]
[EventDate "2016.03.01"]

1. e4 c5 2. Nf3 d6 3. d4 cxd4 4. Nxd4 Nf6 5. Nc3 a6 6. g3 e5 7. Nde2 Be7 8. Bg2
b5 9. Nd5 Nbd7 10. Nec3 Bb7 11. a4 Nxd5 12. Nxd5 Nf6 13. Nxe7 Qxe7 14. Qd3 O-O
15. O-O Bc6 16. axb5 axb5 17. Bg5 h6 18. Bxf6 Qxf6 19. Qc3 Rac8 20. Qb4 Bd7 21.
Ra7 Rfd8 22. c3 Rc4 23. Qa5 b4 24. cxb4 Rc2 25. b5 Rxb2 26. b6 Be6 27. b7 Rb8
28. Qa1 Rb6 29. Rb1 Qd8 30. Bf1 Kh7 31. Rxb6 Qxb6 32. Qa6 Qb1 33. Qb5 Qe1 34.
Qe2 Qb1 35. Qb5 Qe1 36. Qe2 Qb1 1/2-1/2

[Event "Aeroflot Open A 2016"]
[Site "Moscow RUS"]
[Date "2016.03.03"]
[Round "3.7"]
[White "Swiercz, Dariusz"]
[Black "Cordova, Emilio"]
[Result "1/2-1/2"]
[WhiteElo "2665"]
[BlackElo "2610"]
[PlyCount "117"]
[EventDate "2016.03.01"]

1. e4 c5 2. Nf3 Nc6 3. Bb5 g6 4. Bxc6 dxc6 5. d3 Bg7 6. h3 Nf6 7. Nc3 Nd7 8.
Be3 b6 9. Qd2 h6 10. O-O e5 11. Nh2 Nf8 12. f4 exf4 13. Bxf4 Ne6 14. Be3 Nd4
15. Rf2 Be6 16. Raf1 Qd7 17. b3 O-O-O 18. Ne2 Nxe2+ 19. Rxe2 f5 20. exf5 Bxf5
21. Bf4 g5 22. Be5 Bxe5 23. Rxe5 Qd4+ 24. Qe3 Qxe3+ 25. Rxe3 Bd7 26. Rf7 Rdf8
27. Ree7 Rxf7 28. Rxf7 a5 29. Kf2 Be6 30. Rf6 Kd7 31. Nf3 Ke7 32. Rg6 a4 33.
bxa4 g4 34. hxg4 Ra8 35. Ne5 Rxa4 36. Nxc6+ Kd7 37. Ne5+ Ke7 38. c4 Rxa2+ 39.
Kf3 Kd6 40. Nf7+ Ke7 41. Ne5 Kd6 42. Nc6 Ra8 43. d4 Kxc6 44. d5+ Kd7 45. Rxe6
Ra4 46. Re4 Rb4 47. Kf4 b5 48. cxb5 Rxb5 49. Re6 Rb4+ 50. Kf3 Rb3+ 51. Kf4 Rb4+
52. Kf3 Rb3+ 53. Kf2 Rd3 54. Rxh6 Rxd5 55. Rh5 Ke6 56. Ke3 c4 57. Ke4 Rd2 58.
Rc5 Rxg2 59. Re5+ 1/2-1/2

[Event "Aeroflot Open A 2016"]
[Site "Moscow RUS"]
[Date "2016.03.03"]
[Round "3.8"]
[White "Zvjaginsev, Vadim"]
[Black "Bachmann, Axel"]
[Result "1/2-1/2"]
[WhiteElo "2662"]
[BlackElo "2609"]
[PlyCount "97"]
[EventDate "2016.03.01"]

1. e4 Nc6 2. Nf3 e5 3. g3 Nf6 4. d3 Bc5 5. Bg2 d6 6. c3 a6 7. b4 Ba7 8. a4 O-O
9. Ra2 d5 10. Qe2 b5 11. exd5 Nxd5 12. O-O Bg4 13. Qe1 Qd7 14. Na3 bxa4 15. Nc4
f6 16. Rxa4 Nb6 17. Nxb6 Bxb6 18. Nd2 Rad8 19. Rxa6 Qxd3 20. Rxb6 cxb6 21. Bxc6
Qxc3 22. Bg2 Qxb4 23. h3 Bf5 24. Ne4 Qxe1 25. Rxe1 Rd4 26. Nc3 Be6 27. Be3 Rd3
28. Na4 Rfd8 29. Kh2 Rd1 30. Re2 b5 31. Nc3 Bc4 32. Rb2 R1d3 33. Nxb5 Rb3 34.
Rxb3 Bxb3 35. Nc3 h5 36. Bf3 Bf7 37. g4 hxg4 38. hxg4 Rd3 39. Ne4 Ra3 40. Kg2
Kh7 41. Nd6 Bg6 42. Be2 Bd3 43. Bf3 Ra6 44. Bc5 Ra1 45. Be3 Bf1+ 46. Kg3 Bd3
47. Ne4 Ra3 48. Kg2 Bc2 49. Kg3 1/2-1/2

[Event "Aeroflot Open A 2016"]
[Site "Moscow RUS"]
[Date "2016.03.03"]
[Round "3.9"]
[White "Rakhmanov, Aleksandr"]
[Black "Jumabayev, Rinat"]
[Result "1/2-1/2"]
[WhiteElo "2650"]
[BlackElo "2607"]
[PlyCount "127"]
[EventDate "2016.03.01"]

1. d4 Nf6 2. c4 g6 3. Nc3 d5 4. e3 Bg7 5. Qb3 e6 6. Nf3 O-O 7. Be2 b6 8. cxd5
exd5 9. Qa3 Nbd7 10. b4 c6 11. O-O a5 12. Qb3 axb4 13. Qxb4 Ba6 14. Re1 Ne4 15.
Bb2 Ndc5 16. Nxe4 dxe4 17. dxc5 bxc5 18. Qxe4 Bxb2 19. Rad1 Qa5 20. Bxa6 Rxa6
21. Re2 Qb5 22. Rc2 Rxa2 23. Qc4 Rfa8 24. g3 Ra1 25. Rxa1 Rxa1+ 26. Kg2 Qxc4
27. Rxc4 Ra5 28. g4 Kf8 29. Re4 Bc3 30. Rc4 Bb2 31. Ng5 h6 32. Ne4 Ba3 33. Rc2
Bb4 34. f4 Ke7 35. f5 h5 36. h3 hxg4 37. hxg4 Ra3 38. Kf3 gxf5 39. gxf5 Ra1 40.
Kf4 Ra5 41. Rc1 Ra3 42. Rd1 c4 43. Rd4 f6 44. Rxc4 Bd6+ 45. Nxd6 Kxd6 46. Re4
c5 47. Re6+ Kd7 48. Rxf6 c4 49. Rf7+ Kc6 50. Rf8 Kd7 51. Rf7+ Kc6 52. Rf8 Kd7
53. Rh8 c3 54. Rh2 Ra4+ 55. Ke5 Ra5+ 56. Kf6 Ra6+ 57. Ke5 Ra5+ 58. Kf6 Ra6+ 59.
Kg7 Rc6 60. Rc2 Kd6 61. Kf6 Kd5+ 62. Kg5 Ke5 63. Rc1 c2 64. f6 1/2-1/2

[Event "Aeroflot Open A 2016"]
[Site "Moscow RUS"]
[Date "2016.03.03"]
[Round "3.10"]
[White "Grachev, Boris"]
[Black "Bluebaum, Matthias"]
[Result "1/2-1/2"]
[WhiteElo "2639"]
[BlackElo "2605"]
[PlyCount "83"]
[EventDate "2016.03.01"]

1. c4 e6 2. Nf3 d5 3. d4 Nf6 4. Nc3 Bb4 5. Qa4+ Nc6 6. e3 O-O 7. Qc2 Ne7 8. Bd2
b6 9. a3 Bxc3 10. Bxc3 Ba6 11. b3 Rc8 12. Bd3 Nf5 13. O-O Nd6 14. Bb4 c5 15.
dxc5 bxc5 16. Bc3 dxc4 17. bxc4 h6 18. Rfd1 Qc7 19. e4 Nd7 20. e5 Nb7 21. Rab1
Rfd8 22. Qa4 Qc6 23. Qxc6 Rxc6 24. Be4 Rb6 25. Rbc1 Rb3 26. Bxb7 Rxb7 27. Rd6
Rb6 28. Rcd1 Rxd6 29. Rxd6 Bc8 30. Nd2 Re8 31. f4 Nb8 32. Nb3 Ba6 33. Na5 Rc8
34. g4 Kh7 35. Kf2 Rc7 36. f5 Bc8 37. Rd8 Nc6 38. Nxc6 Rxc6 39. f6 gxf6 40.
exf6 e5 41. Kg3 Be6 42. Bxe5 1/2-1/2

[Event "Aeroflot Open A 2016"]
[Site "Moscow RUS"]
[Date "2016.03.03"]
[Round "3.11"]
[White "Sasikiran, Krishnan"]
[Black "Bocharov, Dmitry"]
[Result "1/2-1/2"]
[WhiteElo "2637"]
[BlackElo "2595"]
[PlyCount "67"]
[EventDate "2016.03.01"]

1. d4 Nf6 2. c4 e6 3. Nf3 b6 4. a3 Ba6 5. Qb3 Be7 6. Nc3 d5 7. cxd5 Nxd5 8. e4
Bxf1 9. Rxf1 Nxc3 10. Qxc3 O-O 11. Bf4 c5 12. O-O-O Qc8 13. Kb1 Nc6 14. dxc5
bxc5 15. Bd6 Qb7 16. Bxe7 Nxe7 17. Rfe1 Rac8 18. Ne5 Rc7 19. f3 Nc8 20. Rd2 Nb6
21. Red1 Qb8 22. Nc4 h6 23. h3 Rcc8 24. Ka2 Nxc4 25. Qxc4 Qg3 26. Rc2 Rc7 27.
Qa6 Rfc8 28. Qd6 Qxd6 29. Rxd6 c4 30. Kb1 Kf8 31. Rc3 Ke7 32. Rd4 g5 33. g3 a5
34. Kc1 1/2-1/2

[Event "Aeroflot Open A 2016"]
[Site "Moscow RUS"]
[Date "2016.03.03"]
[Round "3.13"]
[White "Kobalia, Mikhail"]
[Black "Dragun, Kamil"]
[Result "1/2-1/2"]
[WhiteElo "2632"]
[BlackElo "2594"]
[PlyCount "41"]
[EventDate "2016.03.01"]

1. Nf3 Nf6 2. c4 e6 3. g3 d5 4. d4 dxc4 5. Bg2 Nc6 6. Qa4 Bb4+ 7. Bd2 Bd6 8.
Ne5 Bxe5 9. Bxc6+ bxc6 10. dxe5 Qd5 11. O-O Ne4 12. Be3 O-O 13. Nc3 Nxc3 14.
bxc3 Qxe5 15. Rab1 Qe4 16. Rb4 e5 17. Rxc4 Qf5 18. Qxc6 Be6 19. Qe4 Qxe4 20.
Rxe4 f6 21. f4 1/2-1/2

[Event "Aeroflot Open A 2016"]
[Site "Moscow RUS"]
[Date "2016.03.03"]
[Round "3.14"]
[White "Shyam, Sundar M"]
[Black "Bartel, Mateusz"]
[Result "0-1"]
[WhiteElo "2523"]
[BlackElo "2625"]
[PlyCount "90"]
[EventDate "2016.03.01"]

1. c4 e5 2. g3 d6 3. Bg2 g6 4. d4 Nd7 5. Nc3 Bg7 6. Nf3 Ne7 7. e3 O-O 8. O-O c6
9. b3 Nf5 10. Bb2 exd4 11. Nxd4 Nxd4 12. exd4 Nf6 13. d5 c5 14. Qd2 Bf5 15. h3
h5 16. Rfe1 a6 17. Kh2 Rb8 18. Re2 b5 19. cxb5 axb5 20. Rae1 Qa5 21. Qc1 Rfe8
22. Qa1 Rxe2 23. Rxe2 Nd7 24. Nd1 Bxb2 25. Qxb2 Qd8 26. Ne3 Bd3 27. Rd2 c4 28.
Nd1 h4 29. Qd4 Qg5 30. Qf4 Qxf4 31. gxf4 Nc5 32. bxc4 bxc4 33. Nc3 Kg7 34. Bf3
Kf6 35. Bg4 Rb4 36. Kg2 Ne4 37. a3 Nxc3 38. axb4 Nxd5 39. b5 c3 40. b6 cxd2 41.
b7 Nxf4+ 42. Kh2 Be2 43. b8=Q d1=Q 44. Qb2+ Kg5 45. Bf3 Qd3 0-1

[Event "Aeroflot Open A 2016"]
[Site "Moscow RUS"]
[Date "2016.03.03"]
[Round "3.15"]
[White "Bu, Xiangzhi"]
[Black "Potkin, Vladimir"]
[Result "1-0"]
[WhiteElo "2724"]
[BlackElo "2585"]
[PlyCount "111"]
[EventDate "2016.03.01"]

1. c4 c6 2. d4 d5 3. Nf3 Nf6 4. Qc2 dxc4 5. Qxc4 Bg4 6. Nbd2 e6 7. g3 Nbd7 8.
Bg2 Be7 9. O-O O-O 10. b3 a5 11. a3 Rc8 12. Bb2 b5 13. Qc2 Bh5 14. Rac1 Bg6 15.
e4 c5 16. Rfd1 Qb6 17. Nh4 Bh5 18. Re1 c4 19. bxc4 bxc4 20. Qb1 Qb5 21. Bf1 Nb6
22. Qa2 Rb8 23. Ng2 Bg6 24. f3 Ne8 25. Bxc4 Nxc4 26. Nxc4 Nd6 27. a4 Qb4 28.
Ba3 Qxa4 29. Re2 Nxc4 30. Bxe7 Qxa2 31. Rxa2 Rfc8 32. Nf4 e5 33. Nd5 Nb6 34.
Rxc8+ Nxc8 35. dxe5 Ra8 36. Bc5 a4 37. Nc7 Ra5 38. Rd2 h5 39. Bb4 Ra7 40. Rd8+
Kh7 41. Rxc8 a3 42. Bc3 a2 43. Ba1 Rb7 44. Kf2 Rb1 45. Bd4 Rc1 46. h4 Rc4 47.
Ke3 f5 48. exf6 Bf7 49. Ra8 Rxc7 50. fxg7 Bg8 51. g4 hxg4 52. fxg4 Rc1 53. g5
Re1+ 54. Kf3 Rf1+ 55. Ke2 Rh1 56. h5 1-0

[Event "Aeroflot Open A 2016"]
[Site "Moscow RUS"]
[Date "2016.03.03"]
[Round "3.17"]
[White "Kovalev, Vladislav"]
[Black "Nepomniachtchi, Ian"]
[Result "0-1"]
[WhiteElo "2560"]
[BlackElo "2704"]
[PlyCount "64"]
[EventDate "2016.03.01"]

1. e4 d6 2. d4 Nf6 3. Nc3 g6 4. Nf3 Bg7 5. Be3 c6 6. Qd2 b5 7. Bd3 Nbd7 8. e5
dxe5 9. dxe5 Ng4 10. e6 fxe6 11. Be4 b4 12. Na4 Nxe3 13. Qxe3 Qc7 14. O-O O-O
15. Rfe1 Nf6 16. Qc5 Nxe4 17. Rxe4 Rf5 18. Qxb4 c5 19. Qc4 Kh8 20. Nd4 Ba6 21.
Qxa6 Bxd4 22. Rf1 Raf8 23. Re2 c4 24. c3 Ra5 25. Qxe6 Be5 26. f4 Rf6 27. Qg4
Bxf4 28. g3 Rg5 29. Qh4 Rff5 30. Rf3 Qd6 31. Ref2 Be3 32. Rxe3 Qd1+ 0-1

[Event "Aeroflot Open A 2016"]
[Site "Moscow RUS"]
[Date "2016.03.03"]
[Round "3.18"]
[White "Artemiev, Vladislav"]
[Black "Wagner, Dennis"]
[Result "1/2-1/2"]
[WhiteElo "2674"]
[BlackElo "2583"]
[PlyCount "53"]
[EventDate "2016.03.01"]

1. b3 e5 2. Bb2 Nc6 3. e3 Nf6 4. Bb5 Bd6 5. Ne2 a6 6. Bxc6 dxc6 7. d3 Qe7 8.
Nd2 Be6 9. O-O h5 10. Nc4 Bxc4 11. bxc4 O-O-O 12. Rb1 e4 13. h3 Rh6 14. Qd2 Ng4
15. Ng3 Ne5 16. Qe2 Nf3+ 17. gxf3 Rg6 18. f4 h4 19. Kg2 exd3 20. Qxd3 hxg3 21.
fxg3 Re6 22. Rf3 Bxf4 23. Bd4 Be5 24. c5 Bxd4 25. exd4 Re2+ 26. Kg1 Re8 27. Qb3
1/2-1/2

[Event "Aeroflot Open A 2016"]
[Site "Moscow RUS"]
[Date "2016.03.03"]
[Round "3.20"]
[White "Moiseenko, Alexander"]
[Black "Antipov, Mikhail Al"]
[Result "0-1"]
[WhiteElo "2668"]
[BlackElo "2573"]
[PlyCount "73"]
[EventDate "2016.03.01"]

1. d4 Nf6 2. c4 e6 3. Nf3 Bb4+ 4. Nbd2 O-O 5. a3 Be7 6. e4 d6 7. Be2 a5 8. Qc2
Nc6 9. b3 Nh5 10. Bb2 Nf4 11. Bf1 e5 12. d5 Nb8 13. h4 Nh5 14. g3 c6 15. Be2
Nf6 16. Rd1 Na6 17. Nh2 cxd5 18. exd5 Bh3 19. Qc3 Qd7 20. Rg1 Ng4 21. Nxg4 Bxg4
22. f3 Bh5 23. Qxa5 Nc5 24. Qc3 f5 25. Rh1 Bf6 26. Qe3 Rae8 27. b4 e4 28. fxe4
Nxe4 29. Bxh5 Nxd2 30. Bxe8 Rxe8 31. Kxd2 Rxe3 32. Bxf6 Rxa3 33. Bc3 Ra2+ 34.
Kd3 f4 35. gxf4 Qf5+ 36. Ke3 Qc2 37. Kd4 0-1

[Event "Aeroflot Open A 2016"]
[Site "Moscow RUS"]
[Date "2016.03.03"]
[Round "3.21"]
[White "Alekseenko, Kirill"]
[Black "Fedoseev, Vladimir3"]
[Result "0-1"]
[WhiteElo "2554"]
[BlackElo "2664"]
[PlyCount "42"]
[EventDate "2016.03.01"]

1. e4 e5 2. Nf3 Nc6 3. Bb5 Nf6 4. d3 d6 5. c3 Be7 6. Nbd2 O-O 7. O-O a6 8. Ba4
b5 9. Bc2 d5 10. Re1 Re8 11. d4 exd4 12. exd5 Qxd5 13. Bb3 Qc5 14. Ne4 Nxe4 15.
Rxe4 dxc3 16. Ng5 cxb2 17. Bxf7+ Kh8 18. Be3 Qc3 19. Rb1 Bf5 20. Bd2 Qd3 21.
Bxe8 Bxe4 0-1

[Event "Aeroflot Open A 2016"]
[Site "Moscow RUS"]
[Date "2016.03.03"]
[Round "3.22"]
[White "Predke, Alexandr"]
[Black "Safarli, Eltaj"]
[Result "1/2-1/2"]
[WhiteElo "2508"]
[BlackElo "2663"]
[PlyCount "91"]
[EventDate "2016.03.01"]

1. e4 e6 2. d4 d5 3. Nc3 Bb4 4. e5 c5 5. a3 Bxc3+ 6. bxc3 Ne7 7. Qg4 O-O 8. Bd3
f5 9. exf6 Rxf6 10. Qh5 h6 11. g4 Nbc6 12. g5 g6 13. Qxh6 Rf7 14. Bxg6 Rg7 15.
Bd3 e5 16. dxc5 Qa5 17. Bb2 e4 18. Be2 Ng6 19. h4 Bf5 20. h5 Rh7 21. hxg6 Rxh6
22. gxh6 Bxg6 23. O-O-O e3 24. Nh3 Qa4 25. Bd3 Bxd3 26. Rxd3 Kh7 27. Rxe3 Rg8
28. c4 Qxc4 29. Bg7 Nd4 30. c3 Qa2 31. Ng5+ Kg6 32. Bxd4 Qa1+ 33. Kc2 Qxh1 34.
h7 Rc8 35. Rh3 Qe1 36. Be3 Qe2+ 37. Kb3 Qb5+ 38. Kc2 Qe2+ 39. Kb3 Rh8 40. Bd4
Qc4+ 41. Kb2 Qe2+ 42. Kb3 Qf1 43. a4 Kxg5 44. Rg3+ Kh6 45. Bxh8 Kxh7 46. Bd4
1/2-1/2

[Event "Aeroflot Open A 2016"]
[Site "Moscow RUS"]
[Date "2016.03.03"]
[Round "3.24"]
[White "Hovhannisyan, Robert"]
[Black "Oparin, Grigoriy"]
[Result "1/2-1/2"]
[WhiteElo "2636"]
[BlackElo "2572"]
[PlyCount "100"]
[EventDate "2016.03.01"]

1. e4 c5 2. Nf3 Nc6 3. d4 cxd4 4. Nxd4 Nf6 5. Nc3 e5 6. Nf5 d5 7. exd5 Bxf5 8.
dxc6 Qxd1+ 9. Nxd1 bxc6 10. Ne3 Be6 11. Nc4 e4 12. Bd2 Nd5 13. Na5 Bc5 14. Nxc6
e3 15. fxe3 Nxe3 16. Bxe3 Bxe3 17. Rd1 O-O 18. Ne7+ Kh8 19. Nd5 Bc5 20. Nc7
Rab8 21. Na6 Rfe8 22. Nxc5 Bg4+ 23. Kd2 Bxd1 24. Kxd1 Rxb2 25. Nb3 Rxa2 26. Bd3
a5 27. Kd2 g6 28. Nc5 Rc8 29. Ne4 Ra4 30. Rb1 Rd8 31. Ke3 f5 32. Nc5 Rh4 33. h3
a4 34. Kf3 Ra8 35. g3 Rxh3 36. Ra1 a3 37. Na6 f4 38. Kxf4 h5 39. Rxa3 Rf8+ 40.
Ke5 Rxg3 41. Nc5 h4 42. Ra4 Re3+ 43. Kd6 Rf6+ 44. Kd5 h3 45. Nd7 Rf2 46. Bxg6
h2 47. Rh4+ Kg7 48. Bd3 Re1 49. Rh7+ Kg8 50. Nf6+ Rxf6 1/2-1/2

[Event "Aeroflot Open A 2016"]
[Site "Moscow RUS"]
[Date "2016.03.03"]
[Round "3.25"]
[White "Khalifman, Alexander"]
[Black "Pourramezanali, Amirreza"]
[Result "1/2-1/2"]
[WhiteElo "2624"]
[BlackElo "2506"]
[PlyCount "41"]
[EventDate "2016.03.01"]

1. d4 d5 2. c4 e6 3. Nf3 Nf6 4. Bg5 h6 5. Bxf6 Qxf6 6. Nc3 Bb4 7. Qa4+ Nc6 8.
e3 O-O 9. Be2 dxc4 10. O-O Qe7 11. Bxc4 Bxc3 12. bxc3 Bd7 13. Be2 Rfc8 14. Nd2
Nd8 15. Qb3 c5 16. a4 Rc7 17. Qa3 Kf8 18. Ne4 cxd4 19. cxd4 Qxa3 20. Rxa3 Ke7
21. a5 1/2-1/2

[Event "Aeroflot Open A 2016"]
[Site "Moscow RUS"]
[Date "2016.03.03"]
[Round "3.26"]
[White "Bok, Benjamin"]
[Black "Kotronias, Vasilios"]
[Result "1-0"]
[WhiteElo "2611"]
[BlackElo "2541"]
[PlyCount "59"]
[EventDate "2016.03.01"]

1. e4 c5 2. Nf3 Nc6 3. Bb5 g6 4. Bxc6 bxc6 5. O-O Bg7 6. Re1 Nh6 7. c3 O-O 8.
h3 f5 9. e5 Nf7 10. d3 Rb8 11. Nbd2 d6 12. e6 Ne5 13. Nxe5 Bxe5 14. Nf3 Bg7 15.
Qa4 h6 16. Qh4 f4 17. Bxf4 Rf5 18. Qg4 Qf8 19. Bg3 Qf6 20. Nh4 Rg5 21. Qe2 a5
22. Rab1 a4 23. a3 c4 24. dxc4 c5 25. Kh2 Bb7 26. b4 Bc6 27. Nf3 Rf5 28. bxc5
Rxb1 29. Rxb1 dxc5 30. Nh4 1-0

[Event "Aeroflot Open A 2016"]
[Site "Moscow RUS"]
[Date "2016.03.03"]
[Round "3.27"]
[White "Lorparizangeneh, Shahin"]
[Black "Savchenko, Boris"]
[Result "0-1"]
[WhiteElo "2449"]
[BlackElo "2610"]
[PlyCount "84"]
[EventDate "2016.03.01"]

1. Nf3 c5 2. c4 g6 3. Nc3 Nc6 4. g3 Bg7 5. Bg2 e6 6. d4 cxd4 7. Nb5 Nge7 8.
Nd6+ Kf8 9. Ng5 Ne5 10. f4 h6 11. fxe5 hxg5 12. Qxd4 Qa5+ 13. Bd2 Qxe5 14. Qd3
Nf5 15. Ne4 Qxb2 16. Rb1 Qd4 17. Qa3+ Kg8 18. c5 Rxh2 19. e3 Rxh1+ 20. Bxh1 Qc4
21. g4 Ng3 22. Nxg3 Qxg4 23. Kf2 Be5 24. Rg1 Qh4 25. e4 b6 26. Bg2 Bd4+ 27. Be3
Qf4+ 28. Bf3 bxc5 29. Bxd4 cxd4 30. Qc1 Rb8 31. Ne2 Qxc1 32. Rxc1 e5 33. Rc7 d6
34. Rxa7 g4 35. Bg2 Be6 36. Nc1 Rb2+ 37. Kg3 Rc2 38. Nb3 Kg7 39. Ra6 Kh6 40.
Rxd6 Kg5 41. Bf1 f5 42. exf5 gxf5 0-1